<?xml version="1.0" encoding="UTF-8"?>
<record
    xmlns:xsi="http://www.w3.org/2001/XMLSchema-instance"
    xsi:schemaLocation="http://www.loc.gov/MARC21/slim http://www.loc.gov/standards/marcxml/schema/MARC21slim.xsd"
    xmlns="http://www.loc.gov/MARC21/slim">

  <leader>01437nam1a2200325 i 4500</leader>
  <controlfield tag="001">RU\NLR\bibl\143293</controlfield>
  <controlfield tag="005">20241214073937.0</controlfield>
  <datafield tag="010" ind1=" " ind2=" ">
    <subfield code="a">5-89272-002-0</subfield>
  </datafield>
  <datafield tag="010" ind1=" " ind2=" ">
    <subfield code="a">5-88056-002-3</subfield>
  </datafield>
  <datafield tag="035" ind1=" " ind2=" ">
    <subfield code="a">(NLR Aleph) 000140377</subfield>
  </datafield>
  <datafield tag="090" ind1=" " ind2=" ">
    <subfield code="a">803411</subfield>
    <subfield code="c">803411</subfield>
  </datafield>
  <datafield tag="100" ind1=" " ind2=" ">
    <subfield code="a">20010326g19979999u  y0rusy50      ca</subfield>
  </datafield>
  <datafield tag="101" ind1="0" ind2=" ">
    <subfield code="a">rus</subfield>
  </datafield>
  <datafield tag="102" ind1=" " ind2=" ">
    <subfield code="a">RU</subfield>
  </datafield>
  <datafield tag="105" ind1=" " ind2=" ">
    <subfield code="a">a   |||||||||</subfield>
  </datafield>
  <datafield tag="200" ind1="1" ind2=" ">
    <subfield code="a">&#x41E;&#x440;&#x433;&#x430;&#x43D;&#x438;&#x437;&#x430;&#x446;&#x438;&#x44F; &#x43E;&#x446;&#x435;&#x43D;&#x43A;&#x438; &#x438; &#x43D;&#x430;&#x43B;&#x43E;&#x433;&#x43E;&#x43E;&#x431;&#x43B;&#x43E;&#x436;&#x435;&#x43D;&#x438;&#x44F; &#x43D;&#x435;&#x434;&#x432;&#x438;&#x436;&#x438;&#x43C;&#x43E;&#x441;&#x442;&#x438;</subfield>
    <subfield code="f">[&#x41F;&#x435;&#x440;. &#x441; &#x430;&#x43D;&#x433;&#x43B;. - &#x410;.&#x412;. &#x412;&#x43E;&#x440;&#x43E;&#x43D;&#x43A;&#x438;&#x43D;]</subfield>
    <subfield code="g">&#x41F;&#x43E;&#x434; &#x43E;&#x431;&#x449;. &#x440;&#x435;&#x434;. &#x414;&#x436;&#x43E;&#x437;&#x435;&#x444;&#x430; &#x41A;.&#x42D;&#x43A;&#x43A;&#x435;&#x440;&#x442;&#x430;</subfield>
    <subfield code="g">[&#x41D;&#x430;&#x443;&#x447;. &#x440;&#x435;&#x434;. &#x440;&#x443;&#x441;. &#x43F;&#x435;&#x440;. - ...&#x41D;.&#x412;. &#x41A;&#x430;&#x43B;&#x438;&#x43D;&#x438;&#x43D;&#x430; (&#x433;&#x43B;. &#x440;&#x435;&#x434;.)]</subfield>
  </datafield>
  <datafield tag="210" ind1=" " ind2=" ">
    <subfield code="a">&#x41C;.</subfield>
    <subfield code="c">&#x420;&#x43E;&#x441;. &#x43E;-&#x432;&#x43E; &#x43E;&#x446;&#x435;&#x43D;&#x449;&#x438;&#x43A;&#x43E;&#x432; &#x438; &#x434;&#x440;.</subfield>
    <subfield code="d">1997</subfield>
  </datafield>
  <datafield tag="215" ind1=" " ind2=" ">
    <subfield code="d">24</subfield>
  </datafield>
  <datafield tag="300" ind1=" " ind2=" ">
    <subfield code="a">&#x417;&#x430;&#x433;&#x43B;. &#x43E;&#x440;&#x438;&#x433;.: Property appraisal and assessment administration</subfield>
  </datafield>
  <datafield tag="454" ind1=" " ind2="0">
    <subfield code="1">2001#$aProperty appraisal and assessment administration</subfield>
    <subfield code="t">Property appraisal and assessment administration</subfield>
  </datafield>
  <datafield tag="463" ind1=" " ind2="0">
    <subfield code="1">001142247</subfield>
  </datafield>
  <datafield tag="606" ind1="0" ind2=" ">
    <subfield code="a">&#x41D;&#x435;&#x434;&#x432;&#x438;&#x436;&#x438;&#x43C;&#x43E;&#x435; &#x438;&#x43C;&#x443;&#x449;&#x435;&#x441;&#x442;&#x432;&#x43E;</subfield>
    <subfield code="x">&#x41E;&#x446;&#x435;&#x43D;&#x43A;&#x430;</subfield>
    <subfield code="9">1294214</subfield>
    <subfield code="3">RU\NLR\auth\66217715</subfield>
  </datafield>
  <datafield tag="606" ind1="0" ind2=" ">
    <subfield code="a">&#x41D;&#x435;&#x434;&#x432;&#x438;&#x436;&#x438;&#x43C;&#x43E;&#x435; &#x438;&#x43C;&#x443;&#x449;&#x435;&#x441;&#x442;&#x432;&#x43E;</subfield>
    <subfield code="x">&#x41D;&#x430;&#x43B;&#x43E;&#x433;&#x43E;&#x432;&#x43E;&#x435; &#x43E;&#x431;&#x43B;&#x43E;&#x436;&#x435;&#x43D;&#x438;&#x435;</subfield>
    <subfield code="9">2127757</subfield>
    <subfield code="3">RU\NLR\auth\661284093</subfield>
  </datafield>
  <datafield tag="686" ind1=" " ind2=" ">
    <subfield code="a">&#x423;5-571.1-07</subfield>
  </datafield>
  <datafield tag="686" ind1=" " ind2=" ">
    <subfield code="a">&#x423;26(0)141.35</subfield>
  </datafield>
  <datafield tag="801" ind1=" " ind2="0">
    <subfield code="a">RU</subfield>
    <subfield code="b">NLR</subfield>
    <subfield code="c">20010326</subfield>
    <subfield code="g">PSBO</subfield>
  </datafield>
  <datafield tag="801" ind1=" " ind2="1">
    <subfield code="a">RU</subfield>
    <subfield code="b">NLR</subfield>
    <subfield code="c">20010326</subfield>
  </datafield>
  <datafield tag="852" ind1=" " ind2=" ">
    <subfield code="a">NLR</subfield>
    <subfield code="j">97-7/1807</subfield>
  </datafield>
  <datafield tag="942" ind1=" " ind2=" ">
    <subfield code="c">BOOK</subfield>
  </datafield>
</record>
